000
00340nam a2200145Ia 4500
008
191201s2007 xx 000 0 und d
082
_a
004.19
_b
MAC
100
_a
MADAN,Sushila
245
0
_a
Computer Based Information System
250
_a
3rd
260
_a
N. Delhi
_b
Taxmann,s
_c
2007
300
_a
191
650
_a
BBA
942
_2
ddc
_c
BK
999
_c
4463
_d
4463